Detalles MARC
| 000 -CABECERA |
| fixed length control field |
01744nam a22002417a 4500 |
| 003 - CONTROL NUMBER IDENTIFIER |
| control field |
AR-BeUNQ |
| 005 - FECHA Y HORA DE LA ULTIMA TRANSACCION |
| control field |
20250415193647.0 |
| 008 - ELEMENTOS DE LONGITUD FIJA-INFORMACION GENERAL |
| fixed length control field |
250415b20192025spa erpnf|s00| 0 spa d |
| 020 ## - NUMERO INTERNACIONAL NORMALIZADO PARA LIBROS |
| Número Internacional Normalizado del libro |
9789875586000 |
| 040 ## - FUENTE DE CATALOGACION |
| Agencia de catalogación original |
AR-BeUNQ |
| Idioma de catalogación |
ESPAÑOL |
| Agencia que realiza la transcripción |
AR-BeUNQ |
| Convenciones de la descripción |
aacr |
| 082 ## - NUMERO DE CLASIFICACION DECIMAL DEWEYMBER |
| Número de la edición |
21 |
| Número de clasificación |
616 CAL |
| 100 10 - ASIENTO PRINCIPAL-NOMBRE PERSONAL |
| Nombre personal |
Caletti, Sergio |
| Títulos u otras palabras asociadas al nombre |
aut. |
| Fecha asociada al nombre |
1947 |
| 245 ## - MENCION DE TITULO |
| Título |
Ariadna. |
| Otra información sobre el título |
Para una teoria de comunicaciòn |
| Mención de responsabilidad, etc |
Sergio Caletti. |
| Medio físico |
libro |
| 250 ## - MENCION DE EDICION |
| Mención de edición |
1a.ed |
| 260 ## - PUBLICACION, DISTRIBUCION, ETC. |
| Lugar de publicación, distribución, etc. |
Bernal : |
| Nombre del editor, distribuidor, etc. |
Universidad Nacional de Quilmes, |
| Fecha de publicación, distribución, etc |
2019 |
| 300 ## - DESCRIPCION FISICA |
| Extensión |
336 p. ; |
| Dimensiones |
20 cm |
| 490 ## - MENCION DE SERIE |
| Mención de serie |
Comunicaciòn y Cultura |
| 500 ## - NOTA GENERAL |
| Nota general |
Teórico de la comunicación, periodista y docente, Sergio Caletti ejerció como Profesor de Universidades de nuestro país como Buenos Aires, La Plata, Entre Ríos y nuestra Universidad de Quilmes y también en México, país que lo recibió en su exilio. <br/>Fue uno de los fundadores de la carrera de Ciencias de la Comunicación de la Universidad de Buenos Aires, donde se desempeñó como profesor titular de Teoría de la Comunicación III, desde donde sistematizó la historia, los debates y enfoques del campo disciplinar, y desde donde identificó los aportes de nuestro continente. Su trayectoria y referencia, lo depositaron como Decano de la Facultad de Ciencias Sociales de la Universidad de Buenos Aires entre 2010 y 2014. <br/>Sus aportes teóricos no sólo se focalizan en sus esfuerzos por repensar el espacio de lo público y las relaciones entre los medios, la política, las identidades y la cultura. Sino también lo que trae aparejada la globalización y la composición de las nuevas ciudadanías. |
| 650 ## - ASIENTO SECUNDARIO DE MATERIA - TERMINO TEMATICO |
| Término temático o nombre geográfico como elemento de entrada |
Comunicaciòn |
| Fuente del encabezamiento o términ |
spines |
| 651 ## - ASIENTO SECUNDARIO DE MATERIA - NOMBRE GEOGRAFICO |
| Nombre geográfico |
Argentina |
| Fuente del encabezamiento o término |
unescot |
| 929 ## - DATOS DE ADQUISICION |
| Procedencia |
DONACION |
| Proveedor |
Nota la pie |
| Orden de compra |
0 |
| Precio |
0 |
| Fecha de recibido |
2020 |
| Patrimonio UNQ |
PAT0083091 |
| Número de inventario |
61625 |
| 942 ## - ELEMENTOS DE PUNTO DE ACCESO ADICIONAL (KOHA) |
| Tipo de ítem Koha |
Libros |